The NewsMail (Bundaberg, Australia)

Bibliographic Details
Format: eBook
Language:English
Published: Bundaberg: News Limited, 2014 -
Subjects:
Online Access:Acceso restringido

MARC

LEADER 00000nam a22000007a 4500
005 20191018020927.0
007 cr|||| ||||
008 191018c20149999au dr|w s|||| 0|||b1eng d
035 |a 22508 
040 |a vLex 
090 |c 9904  |d 9904 
245 0 3 |a The NewsMail (Bundaberg, Australia)  |h [Recurso electrn̤ico] / 
256 |a Servicio en ln̕ea 
260 |a Bundaberg:  |b News Limited,  |c 2014 - 
300 |a 1 recurso electrn̤ico 
310 |a Diaria 
506 1 |a Disponible solo en los productos indicados  |d vLex Global  |d vLex Global (Academic Edition, excluding Law Schools)  |d vLex Global (U.S. Academic Edition, Law Schools)  |d vLex Global (U.S. Academic Edition, excluding Law Schools)  |d vLex Global (Academic Edition, Law Schools) 
650 0 4 |a Materias no jurd̕icas  |z Australia 
740 0 |a vLex Revistas (Servicio en ln̕ea) 
856 4 0 |u http://vlex.com/source/22508  |z Acceso restringido 
942 |c REV 
999 0 |a Non-legal matters